Statystyki dla Antybiotyki - Podział

Kliknij tutaj aby rozwiązać quiz!

Ogólne statystyki

  • Ten quiz został rozwiązany 3 razy
  • Średni wynik to 15 z 95

Statystyki odpowiedzi

GrupaAntybiotyk% Poprawnych
Makrolidy i Ketolidy C14erytromycyna
67%
TETRACYKLINYtetracyklina
67%
Peptydy GLIKOPEPTYDYwankomycyna
67%
Penicy. ALFA-AMINOPOCHODNEamoksycylina
33%
Penicy. Z INHIBITORAMI BETA-LAKTAMAZamoksycylina/klawulanian
33%
Penicy. ALFA-AMINOPOCHODNEampicylina
33%
Penicy. Z INHIBITORAMI BETA-LAKTAMAZampicylina/sulbaktam
33%
MONOBAKTAMYaztreonam
33%
MONOBAKTAMYaztreonam/awibaktam
33%
Makrolidy i Ketolidy C15azytromycyna
33%
Cefalo. DOUSTNE II GENcefaklor
33%
Cefalo. PARENTERALNE II GENcefamandol
33%
Cefalo. PARENTERALNE I GENcefazolina
33%
Cefalo. PARENTERALNE III GENcefoperazon
33%
Cefalo. DOUSTNE III GENcefpodoksym
33%
Cefalo. PARENTERALNE III GENceftazydym
33%
Cefalo. PARENTERALNE Z INHIB. BETA-LAKTAMAZceftazydym/awibaktam
33%
Cefalo. PARENTERALNE III GENceftriakson
33%
Cefalo. PARENTERALNE II GENcefuroksym
33%
FENIKOLEchloramfenikol
33%
Chinolony i Fluorochinolony II GEN FLUOROCHINOLONYcyprofloksacyna
33%
POLIMYKSYNY
kolistyna/polimyksyna E
33%
TETRACYKLINYdoksycyklina
33%
KARBAPENEMYdoripenem
33%
KARBAPENEMYertapenem
33%
Aminoglikozydy NATURALNEgentamycyna
33%
KARBAPENEMYimipenem
33%
KARBAPENEMY Z INHIB. BETA-LAKTAMAZimipenem/relebaktam
33%
Makrolidy i Ketolidy C14klarytromycyna
33%
LINKOZAMIDYklindamycyna
33%
FUSYDYNYkwas fusydowy
33%
Chinolony i Fluorochinolony I GEN CHINOLONYkwas nalidyksowy
33%
OKSAZOLIDYNONYlinezolid
33%
LINKOZAMIDYlinkomycyna
33%
KARBAPENEMYmeropenem
33%
KARBAPENEMY Z INHIB. BETA-LAKTAMAZmeropenem/waborbaktam
33%
NITROIMIDAZOLEmetronidazol
33%
Aminoglikozydy NATURALNEneomycyna
33%
NITROFURANYnitrofuran
33%
POLIMYKSYNYpolimyksyna B
33%
Peptydy GLIKOPEPTYDYteikoplanina
33%
GLICYLCYKLINYtygecyklina
33%
Aminoglikozydy PÓŁSYNTETYCZNEamikacyna
0%
Cefalo. DOUSTNE I GENcefadroksyl
0%
Cefalo. DOUSTNE I GENcefaleksyna
0%
Cefalo. PARENTERALNE IV GENcefepim
0%
Cefalo. DOUSTNE III GENcefetamet
0%
Cefalo. DOUSTNE III GENcefiksym
0%
Cefalo. PARENTERALNE II GENcefoksytyna
0%
Cefalo. PARENTERALNE III GENcefotaksym
0%
Cefalo. PARENTERALNE I GENcefradyna
0%
Cefalo. PARENTERALNE V GENceftarolina
0%
Cefalo. PARENTERALNE Z INHIB. BETA-LAKTAMAZceftarolina/awibaktam
0%
Cefalo. DOUSTNE III GENceftibuten
0%
Cefalo. PARENTERALNE V GENceftobiprol
0%
Cefalo. PARENTERALNE V GENceftolozan
0%
Cefalo. PARENTERALNE Z INHIB. BETA-LAKTAMAZceftolozan/tazobaktam
0%
Cefalo. DOUSTNE II GENcefuroksym aksetylu
0%
Peptydy LIPOGLIKOPEPTYDYdalbawancyna
0%
Peptydy CYKLICZNE LIPOPEPTYDYdaptomycyna
0%
Cefalo. DOUSTNE I GEN
cefradyna
0%
TETRACYKLINY NOWEerawacyklina
0%
KARBOKSYPENICYLINYkarbenicylina
0%
Penicy. IZOKSAZOLILOWEkloksacylina
0%
Chinolony i Fluorochinolony I GEN CHINOLONYkwas pipemidynowy
0%
Chinolony i Fluorochinolony III GEN NAFTYRYDYNOCHINOLONYlewofloksacyna
0%
Penicy. IZOKSAZOLILOWEmetycylina
0%
Chinolony i Fluorochinolony IV GENmoksyfloksacyna
0%
Aminoglikozydy PÓŁSYNTETYCZNEnetylmycyna
0%
Chinolony i Fluorochinolony II GEN FLUOROCHINOLONYnorfloksacyna
0%
Chinolony i Fluorochinolony II GEN FLUOROCHINOLONYofloksacyna
0%
TETRACYKLINY NOWEomadacyklina
0%
Peptydy LIPOGLIKOPEPTYDYoritawancyna
0%
NITROIMIDAZOLEornidazol
0%
Chinolony i Fluorochinolony II GEN FLUOROCHINOLONYpefloksacyna
0%
Penicy. NATURALNEpenicylina benzatynowa
0%
Penicy. NATURALNEpenicylina benzylowa G
0%
Penicy. NATURALNEpenicylina fenoksymetylowa V
0%
Penicy. PIPERAZYNOPOCHODNEpiperacylina
0%
Penicy. Z INHIBITORAMI BETA-LAKTAMAZpiperacylina/tazobaktam
0%
Aminoglikozydy NOWEplazomycyna
0%
Makrolidy i Ketolidy C14roksytromycyna
0%
ANSAMYCYNYryfabutyna
0%
ANSAMYCYNYryfaksymina
0%
ANSAMYCYNYryfampicyna
0%
ANSAMYCYNYryfapentyna
0%
Makrolidy i Ketolidy KETOLIDYsolitromycyna
0%
Makrolidy i Ketolidy C16spiramycyna
0%
Aminoglikozydy NATURALNEstreptomycyna
0%
SULFONAMIDYsulfametoksazol+trimetoprim/kotrimoksazol
0%
OKSAZOLIDYNONYtedizolid
0%
Makrolidy i Ketolidy KETOLIDYtelitromycyna
0%
Aminoglikozydy NATURALNEtobramycyna
0%
FOSFOMYCYNAtrometamol fosfomycyny
0%
NITROIMIDAZOLEtynidazol
0%

Rozkład punktacji

Percentyl według liczby udzielonych odpowiedzi

Procent ludzi z każdym wynikiem

Twoja historia wyników

Nie rozwiązałeś tego quizu